What's Wrong With Me? : (Record no. 202733)
[ view plain ]
| 000 -LEADER | |
|---|---|
| fixed length control field | 01642nam a2200313 i 4500 |
| 003 - CONTROL NUMBER IDENTIFIER | |
| control field | OSt |
| 005 - DATE AND TIME OF LATEST TRANSACTION | |
| control field | 20260114122331.0 |
| 008 - FIXED-LENGTH DATA ELEMENTS--GENERAL INFORMATION | |
| fixed length control field | 260114t20242023enk erb 000 0deng d |
| 020 ## - INTERNATIONAL STANDARD BOOK NUMBER | |
| International Standard Book Number | 9780008530136 |
| Terms of availability | RM 72.00 |
| Qualifying information | paperback |
| 040 ## - CATALOGING SOURCE | |
| Original cataloging agency | PPAK |
| Language of cataloging | eng |
| Transcribing agency | PPAK |
| Description conventions | rda |
| 082 04 - DEWEY DECIMAL CLASSIFICATION NUMBER | |
| Edition number | 23 |
| Classification number | 305.2442 |
| 090 00 - LOCALLY ASSIGNED LC-TYPE CALL NUMBER (OCLC); LOCAL CALL NUMBER (RLIN) | |
| Classification number (OCLC) (R) ; Classification number, CALL (RLIN) (NR) | 305.2442 |
| Feature heading | CAN |
| Feature heading | G |
| 100 1# - MAIN ENTRY--PERSONAL NAME | |
| Personal name | Candy, Lorraine, |
| Relator term | eauthor. |
| 245 10 - TITLE STATEMENT | |
| Title | What's Wrong With Me? : |
| Remainder of title | From Unravelling to Reinvention : A Midlife Memoir / |
| Statement of responsibility, etc. | Lorraine Candy |
| 246 30 - VARYING FORM OF TITLE | |
| Title proper/short title | What is wrong with me? |
| 264 #1 - PRODUCTION, PUBLICATION, DISTRIBUTION, MANUFACTURE, AND COPYRIGHT NOTICE | |
| Place of production, publication, distribution, manufacture | London : |
| Name of producer, publisher, distributor, manufacturer | 4th Estate, |
| Date of production, publication, distribution, manufacture, or copyright notice | 2024 |
| Date of production, publication, distribution, manufacture, or copyright notice | ©2023 |
| 300 ## - PHYSICAL DESCRIPTION | |
| Extent | viii, 242 pages ; |
| Dimensions | 20 cm |
| 336 ## - CONTENT TYPE | |
| Content type term | text |
| Source | rdacontent |
| 337 ## - MEDIA TYPE | |
| Media type term | unmediated |
| Source | rdamedia |
| 338 ## - CARRIER TYPE | |
| Carrier type term | volume |
| Source | rdacarrier |
| 504 ## - BIBLIOGRAPHY, ETC. NOTE | |
| Bibliography, etc. note | Includes bibliographical references. |
| 520 ## - SUMMARY, ETC. | |
| Summary, etc. | If I was removed from the hurly burly of these overwhelming days, I would be able to patiently and logically think it all through. To untangle this conundrum. I would be able to find the thing I had lost. Probably the most important thing I owned. My identity. Tackling everything from empty nest, career reinvention, sex, marriage, brain fog, burnout, perimenopause and menopause this laugh out loud memoir is a pathfinder for women whose messy midlife rage caught them by surprise. With advice from experts, celebrities and personal stories, the book will help women feel less alone as they embrace this liberating and transformational new stage of life. |
| 650 10 - SUBJECT ADDED ENTRY--TOPICAL TERM | |
| Topical term or geographic name entry element | Middle-aged women |
| Form subdivision | Life skills guides |
| Topical term or geographic name entry element | Midlife crisis |
| 655 #7 - INDEX TERM--GENRE/FORM | |
| Genre/form data or focus term | Self-help publications |
| Genre/form data or focus term | Anecdotes |
| 942 ## - ADDED ENTRY ELEMENTS (KOHA) | |
| Source of classification or shelving scheme | Dewey Decimal Classification |
| Koha item type | Book |
| Withdrawn | Not for loan | Current library | Shelving location | Date acquired | Total Checkouts | Full call number | Barcode | Date last seen | Koha item type |
|---|---|---|---|---|---|---|---|---|---|
| Perpustakaan Alor Setar | Pinjaman Dewasa | 21/01/2026 | 305.2442 CAN | A01900615 | 21/01/2026 | Book | |||
| Perpustakaan Awam Sungai Petani | Pinjaman Dewasa | 21/01/2026 | 305.2442 CAN | A01900616 | 21/01/2026 | Book | |||
| Perpustakaan Jitra | Pinjaman Dewasa | 21/01/2026 | 305.2442 CAN | A01900617 | 21/01/2026 | Book | |||
| Perpustakaan Kulim | Pinjaman Dewasa | 21/01/2026 | 305.2442 CAN | A01900619 | 21/01/2026 | Book | |||
| Perpustakaan Langkawi | Pinjaman Dewasa | 21/01/2026 | 305.2442 CAN | A01900618 | 21/01/2026 | Book |